10 Famous People from Iran - Statistics

General Stats
  • This quiz has been taken 49 times
    23 since last reset
  • The average score is 4 of 10
Answer Stats
Hint Answer % Correct
Last king of Iran from 1941 to 1979 Mohammad Reza Pahlavi
68%
Persian ruler whose empire was at the peak of its glory Darius the Great
63%
Founder of the first Persian empire Cyrus the Great
53%
Spiritual leader who founded the religion Zoroastrianism, which challenged the traditional religious ideas of Ancient Persia Zoroaster
47%
Football legend who played as a striker for Bayern Munich Ali Daei
42%
Politician who served as the sixth president of Iran from 2005 to 2013 Mahmoud Ahmadinejad
42%
President of Iran who died in a helicopter crash in 2024 Ebrahim Raisi
26%
Actress who received Oscar nomination for performance in House of Sand and Fog Shohreh Aghdashloo
11%
British-Iranian journalist best known as the anchor of the CNN interview show Christiane Amanpour
5%
Basketball player who played 5 seasons in the NBA for Memphis and Phoenix Hamed Haddadi
5%
No matching quizzes found
Score Distribution
Percent of People with Each Score
Percentile by Number Answered
Your Score History
You have not taken this quiz since the last reset